01781naa a2200265 i 4500001000400000003000400004005001700008008003900025040000800064080001100072100014100083245015400224260001000378500002100388520044400409650003600853655003000889700014300919773016201062700014401224711008201368942001301450999001501463952003701478BPPBPK20180220150414.0151130s2004 pl f |100 0 pol cBPK a681.58 aWAWRYN, Krzysztof.d1996 - .bPolitechnika Koszalińska - Wydział Elektroniki,cKatedra Systemów Cyfrowego Przetwarzania Sygnałów aPodukłady do budowy potokowych przetworników A/C działających w trybie prądowym /cKrzysztof Wawryn, Robert Suszyński, Bogdan Strzeszewski. c2004. aDane z autopsji. aPrzedstawiono szybki potokowy przetwornik A/C o dużej rozdzielczości, działający w trybie prądowym. Struktura przetwornika oparta jest na podstawowych blokach funkcjonalnych. Wszystkie elementy przetwornika zostały zaprojektowane i wykonane w postaci układu scalonego w technologii CMOS AMS. W celu weryfikacji koncepcji działania, dokonano pomiarów układów uwzględniając funkcjonowanie poszczególnych podukładów. 0aPrzetworniki analogowo-cyfrowe. 0aMateriały konferencyjne. aSUSZYŃSKI, Robert.d1996 - .bPolitechnika Koszalińska - Wydział Elektroniki,cKatedra Systemów Cyfrowego Przetwarzania Sygnałów iW :tTrzecia Krajowa Konferencja Elektroniki : materiały konferencji. T. 1/2. -dKoszalin : Wyd. Uczelniane Politechniki Koszalińskiej, 2004. -gs. 97-102 aSTRZESZEWSKI, Bogdan.d1996 - .bPolitechnika Koszalińska - Wydział Elektroniki,cKatedra Systemów Cyfrowego Przetwarzania Sygnałów aKrajowa Konferencja Elektronikin(3 ;d2004 ;cKołobrzeg, Polska).pKKE'2004 cART2UKD c3683d3683 00104070aBPKbBPKo72243yART